000 00229nmm a2200085Ia 4500
008 150209s2015||||xx |||||||||||||||||und||
100 _aSHARMA, R.K
245 _aPRACTICAL AND VIVA IN FORENSIC MEDICINE AND TOXICOLOGY
942 _2ddc
_cCD
999 _c5980
_d5980